000 02376nam a2200577 i 4500
001 46886
003 KOSZ 005
005 20220401124306.0
008 050412s2004 pl a |000 0 pol
015 _aUWD 2005/8366
020 _a8387745626
035 _a991026387399705066
035 _a(PL-WaBN)b17173723-48omnis_nlop
035 _ab17173723
035 _a(OCoLC)749853921
035 _azz2005862030
035 _a(PL)b0000001717372
035 _a(EXLNZ-48OMNIS_NETWORK)9910097219905606
040 _aWA N
_cWA N
_dKOSZ 005/HR
041 0 _apol
046 _k2004
080 _a331.101:159.9
080 _a005.95/.96
080 _a330.162
100 1 _aGalkin, Aleksandr Mihajlovič
_eAutor
245 1 0 _aZarządzanie i etyka stosunków biznesowych /
_cAleksander Gałkin, Anna Kawałek.
260 _aCzęstochowa :
_bWydaw. WIPMiFS PC,
_c2004.
300 _a182 s. :
_brys. ;
_c24 cm.
336 _aTekst
_btxt
_2rdacontent
337 _aBez urządzenia pośredniczącego
_bn
_2rdamedia
338 _aWolumin
_bnc
_2rdacarrier
380 _aKsiążki
388 _a2001-
490 1 _aMetalurgia / Politechnika Częstochowska. Wydział Inżynierii Procesowej, Materiałowej i Fizyki Stosowanej ;
_vnr 44
490 1 _aPrace Dydaktyczne Wydziału Inżynierii Procesowej, Materiałowej i Fizyki Stosowanej / Politechnika Częstochowska
504 _aBibliogr. s. 65.
650 7 _aEtyka biznesu
_2DBN
650 7 _aPrzedsiębiorstwo
_2DBN
650 7 _aPsychologia pracy
_2DBN
650 7 _aTesty psychologiczne
_2DBN
650 7 _aZarządzanie zasobami ludzkimi (HRM)
_2DBN
658 _aZarządzanie i marketing
658 _aGospodarka, ekonomia, finanse
700 1 _aKawałek, Anna
_d(1964- )
_eAutor
710 2 _aWydawnictwo Wydziału Inżynierii Procesowej, Materiałowej i Fizyki Stosowanej (Politechnika Częstochowska)
_4pbl
830 0 _aMetalurgia - Politechnika Częstochowska. Wydział Inżynierii Procesowej, Materiałowej i Fizyki Stosowanej
_vnr 44
830 0 _aPrace Dydaktyczne - Politechnika Częstochowska. Wydział Inżynierii Procesowej, Materiałowej i Fizyki Stosowanej
856 _uhttp://koha.tu.koszalin.pl/cgi-bin/koha/opac-detail.pl?biblionumber=46886
_yKatalog online BPK
942 _2UKD
_cKS
999 _c46886
_d46886